|
|
|
|
| LEADER |
00828cam a2200193ua 4500 |
| 020 |
|
|
|a 81-7023-137-X
|
| 082 |
|
|
|a 301
|b JOH/S
|
| 100 |
|
|
|a Johnson, Harry M
|
| 245 |
0 |
0 |
|a Sociology : a systematic introduction
|
| 250 |
|
|
|a 1st ed.
|
| 260 |
|
|
|a New Delhi
|b Allied
|c 1998
|
| 300 |
|
|
|a xv, 688p.
|
| 500 |
|
|
|a Includes index
|
| 650 |
0 |
|
|a Sociology
|
| 942 |
|
|
|c BK
|
| 999 |
|
|
|c 528
|d 528
|
| 952 |
|
|
|0 0
|1 0
|4 0
|6 301_000000000000000_JOHS
|7 0
|8 Stack
|9 564
|a KUCL
|b KUCL
|c Stack
|d 2014-05-23
|g 320.00
|l 0
|o 301 JOH/S
|p 03630
|r 2014-05-23
|y BK
|
| 952 |
|
|
|0 0
|1 0
|4 0
|6 301_000000000000000_JOHS
|7 0
|8 Stack
|9 44964
|a KUCL
|b KUCL
|c Stack
|d 2016-08-29
|g 320.00
|l 0
|o 301 JOH/S
|p 42918
|r 2016-08-29
|w 2016-08-29
|y BK
|
| 952 |
|
|
|0 0
|1 0
|4 0
|6 301_000000000000000_JOHS
|7 0
|8 Stack
|9 45292
|a KUCL
|b KUCL
|c Stack
|d 2016-09-20
|g 320.00
|l 2
|m 1
|o 301 JOH/S
|p 43145
|r 2019-05-29
|s 2019-04-02
|w 2016-09-20
|y BK
|